| 000 | 00764nam a22002177a 4500 | ||
|---|---|---|---|
| 003 | OSt | ||
| 005 | 20260115024459.0 | ||
| 008 | 260115b |||||||| |||| 00| 0 eng d | ||
| 020 | _a0-13-181676-4. | ||
| 040 |
_aDWC-Main lib. _cOC |
||
| 082 | _aCirc. 320.973 Mc113 2004 | ||
| 100 | _aMcclengan, William A. | ||
| 245 |
_aMagruder's American government/ _cWilliam A. Mcclengan |
||
| 260 |
_aNeedham, Mass. : _bPearson/Prentice-Hall, _cc2004. |
||
| 300 |
_axix, 844 p. : _bcolored illustration ; _c28 cm. |
||
| 504 | _aIncludes index. | ||
| 650 | _a1. Civics-Study and teaching (Secondary). | ||
| 650 | _a2. United States-Politics and government-Textbooks. | ||
| 650 | _a3. United States-Study and teaching (Secondary). | ||
| 942 |
_2ddc _cBK-CIRC _hCirc. _n0 |
||
| 999 |
_c7401 _d7401 |
||